000
00327nam a2200121Ia 4500
008
180205s9999 xx 000 0 und d
020
_a
9780415832434
100
_a
Ko, Susan
245
_c
Rossen, Steve
_a
Teaching online :
_b
a practical guide
250
_a
4th ed
260
_a
USA :
_b
routledge
_c
2017
300
_a
xix, 486 pages
999
_c
354901
_d
354901